000 00686nam a22002412a 4500
001 50520
003 BD-RjUL
005 20211209075525.0
008 160827s1953 enk b 001 0 eng d
035 _a(BD-RjUL)50640
040 _aCTL
_cCTL
_dUKM
_dOCL
_dEQO
_dBD-RjUL
_beng
041 _aeng
082 _a420.9
_218
_bPES 1953
090 _aPE1075
_b.P4 1953
100 1 _aPei, Mario,
_d1901-1978
_9151332
245 1 4 _aThe story of English /
_cby Mario Pei.
260 _aLondon :
_bG. Allen & Unwin,
_c1953.
300 _a381 p. ;
_c22 cm.
500 _aIncludes index.
504 _aBibliography: p. 353-357.
650 0 _aEnglish language
_xHistory.
_9133971
942 _2ddc
_cBK
999 _c50520
_d50520